000 01621cam a22003854i 4500
003 PE-LiUPU
005 20250731175629.0
008 150623s r 000 0 d
035 _a(Sirsi) a26894
040 _aPE-LiUPU
_bspa
_cPE-LiUPU
_erda
082 0 4 _a492.429
_bL71
_221
100 1 _aLisowsky, Gerhard,
_eautor.
245 1 0 _aKonkordanz zum hebräischen alten testament /
_cGerhard Lisowsky.
264 1 _aStuttgart, Germany :
_bDeutsche bibelgesellschaft Stuttgart,
_c1981.
300 _a1672 páginas ;
_c25 cm.
336 _atext
_2rdacontent
337 _aunmediated
_2rdamedia
338 _avolume
_2rdacarrier
505 0 _aBiblia hebraica con concordancia.
526 _aP145
526 _aP127
526 _aP97
526 _aP35
526 _aP14
526 _aP07
630 _aBiblia.
_pA.T.
_lHebreo-Caldeo
_vConcordancia.
942 _2ddc
_cBOOK
949 _a492.429 L71
_wDEWEY
_c1
_i38744
_lCCODEBUL1
_mBUL
_p35.00
_r0
_sY
_tBOOK
_u2015-06-24
_xTEOLOGIA
_PP35
_0COMPRA
_o.STAFF. Colección General
949 _a492.429 L71
_wDEWEY
_c2
_i52167
_lCCODEBUL1
_mBUL
_p35.00
_r0
_sY
_tBOOK
_u2015-06-24
_xTEOLOGIA
_PP35
_0COMPRA
_o.STAFF. Colección General
596 _a1
999 _a492.429 L71
_wDEWEY
_c33974
_i38744
_f2021-11-11
_g5
_lCCODEBUL1
_mBUL
_p35.00
_r0
_sY
_tBOOK
_u2015-6-24
_xTEOLOGIA
_PP35
_0COMPRA
_o.STAFF. Colección General
_d33974
999 _a492.429 L71
_wDEWEY
_c2
_i52167
_f2021-11-11
_g5
_lCCODEBUL1
_mBUL
_p35.00
_r0
_sY
_tBOOK
_u2015-6-24
_xTEOLOGIA
_PP35
_0COMPRA
_o.STAFF. Colección General
980 _81
_gALBERTO SANCHEZ Responsable de Automatización